[Event "Summer Cup"]
[Site "Wellington Chess Club"]
[Date "2019.02.28"]
[Round "4.7"]
[White "Forster, Bill"]
[Black "Aldridge, Alan"]
[Result "0-1"]
[WhiteElo "2023"]
[BlackElo "1877"]

1. d4 Nf6 2. c4 e6 3. Nc3 Bb4 4. e3 O-O 5. Ne2 d5 6. a3 Bxc3+ 7. Nxc3 b6 8.
cxd5 exd5 9. Bd3 Bb7 10. O-O Nbd7 11. b4 c5 12. b5 $2 {This just creates a
weakness that costs me (much) later}  ( {Kunte (2513) - Ghane (2415),
Parramatta AUS 2009, 1-0 in 55 moves} 12. bxc5 bxc5 13. Rb1 Rb8 14. Be2 c4 15.
e4 Bc6 16. Rxb8 Qxb8 17. e5 Ne8 18. a4 Qb4 19. Bd2 Qb7 20. Qa1 Nc7 21. Rb1 Qa6
22. Qa3 Ne6 23. Qd6 Nxd4 24. Bg4 Qc8 25. Nxd5 Bxd5 26. Qxd5 Ne6 27. Be3 c3 28.
Bxe6 fxe6 29. Qxe6+ Kh8 30. Rc1 Re8 31. Rxc3 Qd8 32. Qd6 Nxe5 33. Qxd8 Rxd8 34.
h3 a6 35. Rc5 Nd3 36. Rc6 Nb4 37. Rb6 a5 38. Rb5 Nc6 39. Rc5 Rd6 40. Bf4 Re6
41. Bd2 h6 42. Bxa5 Nxa5 43. Rxa5 Re1+ 44. Kh2 Ra1 45. h4 Kg8 46. h5 Ra3 47. f3
Kf7 48. Kg3 Ra2 49. Rf5+ Ke6 50. Rf4 Rc2 51. Kh3 Rc5 52. g4 Rc3 53. Rf5 Ra3 54.
a5 Ra4 55. Kg3) 12... Ne4 13. Ne2 c4 14. Bb1 Ndf6 15. Qc2 Bc8 16. Ng3 $2 {Black
is now better than equal}  ( {The computer wants to stop ...Bf5 with a "Damn
the torpedos" approach} 16. f3 Nd6 17. g4 {needless to say, I never considered
such a thing} ) 16... Re8 17. a4 Bd7 18. f3 Nxg3 19. hxg3 Qc7 20. Qf2 Nh5 21.
Qc2 g6 22. g4 Nf6 $2 {Offering respite}  ( {I assumed} 22... Ng3 $1 {and Black
is better. After the game Al said he thought "You could cut the knight off" but
I didn't see how then or now with the electronic board in front of me. If White
ever plays f4 he gifts the e4 square to the Knight and White will be seriously
stuck.} ) 23. Qf2 Be6 24. Qh4 Qd8 25. Ra2 $2 {Too slow. I love developing rooks
along the second rank and frequently can't resist indulging this dubious
aesthetic predilection. Kf2 and Rh1 gets a rook to the h file one move faster,
so it accelerates a doubling but my internal dialogue's excuse was that it
would delay a possible tripling. But I never come anywhere close to achieving
tripling} 25... Nd7 26. Qh6 Qf6 27. g3 {continuing my faulty plan} 27... Qg7
28. Rh2 $2 {See previous comment} 28... Qxh6 29. Rxh6 a6 $1 {See the comment to
move 12, Black is once again on top} 30. bxa6 (30. Rh2 {giving up hopes of
Kingside play immediately is better} ) 30... Rxa6 31. Bc2 Nf8 $1 {Securing the
kingside and preparing Bd7 winning a pawn} 32. e4 $1 {Desperately seeking
counterplay. White's "Botvinnik Bishops" have been waiting for this move since
4.e3. Botvinnik usually managed to play e4 in order to take over though, not to
lash out hopefully} 32... dxe4 33. fxe4 Bd7 34. Rh2 Bxa4 35. Bb1 Bb3 36. Rhf2
c3 37. e5 $2 {Looks wrong is wrong} 37... Ra7 38. Rf3 Rc8 39. Be4 Ne6 40. d5
Ng7 $2 (40... Nd4 {Forward!} ) 41. d6 Be6 42. R1f2 Bxg4 43. Rd3 Ra1 44. Rc2 Bf5
$2 {Black has been dithering somewhat and I am now right back in the game} 45.
Rdxc3 $5 {A good move}  ( {but sadly the computer reveals that the obvious} 45.
Bxf5 {is even better} ) 45... Rxc3 46. Rxc3 Bd7 ( {I was of course hoping for}
46... Bxe4 47. Rc8+ Ne8 48. d7 {and as is usually the case a 7th rank pawn
attacking a knight wins} ) 47. Kf2 Ne6 48. Be3 b5 49. Bc6 b4 50. Rc4 b3 $2
{This looks like a good idea, letting the piece go to promote the pawn, but it
should have cost the game} 51. Bxd7 $3 {I saw the refutation} 51... b2 52. Rb4
$4 (52. Bh6 $1 {Was my original intention, but for some reason the fog of
confusion that tends to descend on me when playing with just the 30 second
increment had me instantaneously playing my backup plan in case Bh6 turned out
to be bad. But I didn't look at Bh6 at this point, only when I played 51. Bxd7.
Al intended } 52... Rf1+ {and in the postmortem we analysed} 53. Kxf1 $2 (
{White does have a win with best play by running up the board} 53. Kg2 Rg1+ 54.
Kf3 Rf1+ 55. Kg4 f5+ 56. exf6 {This is all crazy stuff and I think in practice
I would either have taken the rook (allowing a perpetual) or just submitted to
an immediate perpetual by rook checks} 56... Kf7 57. Bxe6+ Kxe6 58. Re4+ Kxd6
59. Rb4 b1=Q 60. Rxb1 Rxb1 61. f7) 53... b1=Q+ 54. Rc1 Qf5+ ( {We missed} 54...
Qd3+ {with a perpetual} ) 55. Kg1 {and White wins. This was the line that kept
me awake that night. } ) 52... b1=Q 53. Rxb1 Rxb1 54. Bxe6 $4 {The last
mistake. One of Dr Tarrasch's lesser known dictums was that two bishops are as
good as a rook and knight. Maybe not quite, but playing with that material
balance would have kept the game going. Somehow I imagined I was going to Queen
} 54... fxe6 55. Ke2 ( {Too late I noticed that after} 55. d7 {Black doesn't
play } 55... Rb8 $4 {losing, he simply goes }  (55... Rd1 {winning} ) ) 55...
Kf7 {And in this hopeless position I overstepped the time limit. A terrific
struggle with multiple twists and turns. Annoying though.} 0-1

[Event "Summer Cup"]
[Site "Wellington Chess Club"]
[Date "2019.02.28"]
[Round "4.8"]
[White "He, Paul"]
[Black "Jackson, Ross"]
[Result "1-0"]
[WhiteElo "1687"]
[BlackElo "1955"]

1. c4 Nf6 2. Nc3 e6 3. g3 d5 4. cxd5 exd5 5. Bg2 c6 6. e3 Bd6 7. Nge2 O-O 8.
O-O Bg4 9. Rb1 Qd7 10. b4 Bh3 11. b5 Bxg2 12. Kxg2 c5 13. d4 c4 14. Nf4 Be7 15.
Qf3 Rd8 16. a4 a5 17. Kh1 Qf5 18. Rg1 h5 19. Bb2 g5 20. Ncxd5 Rxd5 21. e4 Nxe4
22. Rbe1 Nxf2+ 23. Qxf2 Rd7 24. Re5 Qh7 25. Nd5 Rxd5 26. Rxd5 b6 27. Re5 Kf8
28. Rge1 Ra7 29. Rxe7 1-0

[Event "Summer Cup"]
[Site "Wellington Chess Club"]
[Date "2019.02.28"]
[Round "4.9"]
[White "Wilkins, Mark"]
[Black "Farrington, Lawrence"]
[Result "1/2-1/2"]
[WhiteElo "1933"]
[BlackElo "1755"]

1. d4 d5 2. Nc3 Nf6 3. Bg5 Bf5 4. e3 e6 5. Nf3 Be7 6. Be2 Ne4 7. Nxe4 Bxe4 8.
Bf4 Bd6 9. Ne5 Nd7 10. Nd3 Bxd3 11. Bxd3 Bxf4 12. exf4 Nf6 13. c3 Qd6 14. g3 c6
15. Qb3 Qe7 16. O-O g6 17. Rfe1 O-O 18. f5 Qd6 19. fxg6 hxg6 20. Re2 b6 21.
Rae1 Rae8 22. Qc2 Kg7 23. Re5 Rh8 24. Rg5 Rh6 25. f4 Qd8 26. Qe2 Nh7 27. Rg4 f5
28. Qe5+ Qf6 29. Qxf6+ Kxf6 30. Rh4 Rxh4 31. gxh4 b5 32. Kg2 Kf7 33. b4 Nf6 34.
Kg3 Nh5+ 35. Kf3 Nf6 36. Kg3 Ne4+ 37. Bxe4 fxe4 38. Kg4 Kf6 39. Re2 Ra8 40. Re3
a5 41. a3 a4 42. Rh3 Rh8 43. Re3 Rh6 1/2-1/2

[Event "Summer Cup"]
[Site "Wellington Chess Club"]
[Date "2019.02.28"]
[Round "4.10"]
[White "Rossiter, Philip"]
[Black "Slagle, Jim"]
[Result "1-0"]
[WhiteElo "1923"]
[BlackElo "1830"]

1. c4 Nf6 2. Nc3 g6 3. d4 Bg7 4. Nf3 O-O 5. Bg5 d6 6. e3 Nbd7 7. Bd3 c5 8. d5
h6 9. Bh4 Ng4 10. Qc2 Nge5 11. Nxe5 Nxe5 12. Be2 a6 13. O-O Bf5 14. e4 Bd7 15.
h3 f5 16. f4 Nf7 17. Bd3 Nh8 18. Rae1 Rf7 19. e5 dxe5 20. fxe5 Rf8 21. e6 Be8
22. Bg3 Bf6 23. Be5 b5 24. Bxf6 Rxf6 25. Ne2 Qd6 26. Qd2 Kg7 27. Rf4 bxc4 28.
Bxc4 g5 29. Rf2 Bb5 30. b3 Ng6 31. Ref1 f4 32. Nc3 Qb6 33. Ne4 Rf5 34. Ng3 Rff8
35. Qc3+ Kh7 36. Nh5 Rg8 37. g3 Bxc4 38. bxc4 Raf8 39. Kh1 Qd6 40. gxf4 gxf4
41. Qd3 Kh8 42. Qe4 Qe5 43. Qxe5+ Nxe5 44. Nxf4 Rf6 45. Nh5 Rxf2 46. Rxf2 Rg5
47. Nf4 Nxc4 48. h4 Rg4 49. Ng2 Nd6 50. h5 Ra4 51. Nf4 Kg7 52. Ng6 Rd4 53. Nxe7
Rh4+ 54. Kg2 Rxh5 55. Kg3 Rg5+ 56. Kh4 a5 57. Rf4 c4 58. Rf3 Rg1 59. Nf5+ Nxf5+
60. Rxf5 c3 61. e7 Re1 62. d6 c2 63. Rc5 Kf7 64. Rxc2 Ke8 65. Rc8+ Kd7 66. Rd8+
1-0

[Event "Summer Cup"]
[Site "Wellington Chess Club"]
[Date "2019.02.28"]
[Round "4.11"]
[White "Osborne, Geoff"]
[Black "Sole, Michael"]
[Result "0-1"]
[WhiteElo "1550"]
[BlackElo "1897"]

1. e4 c5 2. d3 d5 3. Nd2 Nc6 4. Ngf3 e6 5. g3 Nf6 6. Qe2 Be7 7. Bg2 a6 8. O-O
O-O 9. e5 Nd7 10. Re1 Rb8 11. Nf1 b5 12. b3 Re8 13. h4 f6 14. Bb2 fxe5 15. h5
Nd4 16. Nxd4 cxd4 17. Bc1 Bf6 18. Nh2 Bb7 19. Rf1 Rc8 20. Rb1 Qc7 21. Rb2 Nc5
22. f4 e4 23. Ng4 Qe7 24. Nxf6+ Qxf6 25. Rb1 b4 26. Bb2 a5 27. Rbd1 Ba6 28. a3
exd3 29. Qf2 dxc2 30. Rc1 Nd3 31. Qd2 Nxb2 32. Rxc2 Rxc2 33. Qxc2 Bxf1 34. Bxf1
bxa3 35. Be2 d3 0-1

[Event "Summer Cup"]
[Site "Wellington Chess Club"]
[Date "2019.02.28"]
[Round "4.12"]
[White "Brockway, Andrew"]
[Black "Sellen, Ian"]
[Result "0-1"]
[WhiteElo "1841"]
[BlackElo "2041"]

1. e4 c5 2. Nc3 g6 3. f4 Bg7 4. Nf3 e6 5. Bc4 Ne7 6. O-O O-O 7. Qe1 d5 8. exd5
exd5 9. Be2 Nbc6 10. d3 Re8 11. Qh4 Nf5 12. Qxd8 Rxd8 13. a3 b6 14. Bd2 Bb7 15.
Rae1 Ncd4 16. Bd1 Re8 17. Rxe8+ Rxe8 18. Re1 Rxe1+ 19. Nxe1 h5 20. Bc1 Kf8 21.
Bf3 Nxf3+ 22. Nxf3 Nd4 23. Nxd4 Bxd4+ 24. Kf1 Bf6 25. g3 Ke7 26. Ke2 Kd7 27. a4
a6 28. Nb1 Kd6 29. Nd2 Bc8 30. c3 Bd7 31. c4 Bxa4 32. cxd5 Kxd5 33. Nc4 Bd8 34.
Bd2 Be8 35. Ne3+ Ke6 36. Nc4 b5 37. Ne3 a5 38. Kd1 Bc6 39. Kc2 Bb6 40. b3 f6
41. Bc1 Bf3 42. Bd2 g5 43. fxg5 fxg5 44. Bc1 Bc7 45. Bd2 h4 46. Be1 hxg3 47.
hxg3 g4 48. Kd2 Bd8 49. Kc2 Bg5 50. Bf2 Ke5 51. Nf1 Be7 52. Ne3 Kf6 53. Kb2 Kg5
54. Kc2 Bc6 55. Kb2 Bf6+ 56. Kc2 Bd4 57. Kd2 Bf3 58. Be1 Kf6 59. Nc2 Bg1 60.
Kc1 b4 61. Kd2 Bd5 62. Na1 Bd4 63. Nc2 Bc3+ 64. Kc1 Bxe1 65. Nxe1 Bxb3 66. Ng2
Ke5 67. Ne3 Be6 68. Kd2 a4 0-1

[Event "Summer Cup"]
[Site "Wellington Chess Club"]
[Date "2019.02.28"]
[Round "4.13"]
[White "He, Caleb"]
[Black "Benitez, Edgar"]
[Result "0-1"]
[WhiteElo "1845"]
[BlackElo "2017"]

1. e4 e5 2. Nf3 Nc6 3. Nc3 Bb4 4. Bb5 Nf6 5. O-O O-O 6. d3 d6 7. Bg5 Bxc3 8.
bxc3 Bg4 9. h3 Bh5 10. g4 Bg6 11. Nh4 h6 12. Nxg6 fxg6 13. Bh4 Na5 14. f3 a6
15. Ba4 c5 16. Bb3+ Kh7 17. c4 Nc6 18. c3 Qa5 19. Qc2 b5 20. g5 Nh5 21. cxb5
axb5 22. Bd5 Rac8 23. Bxc6 Rxc6 24. Kh2 Qd8 25. Rg1 Rf4 26. Qf2 Qf8 27. Raf1
Rc7 28. Bg3 Nxg3 29. Qxg3 h5 30. h4 Qa8 31. Rg2 Ra7 32. Rb1 Rxa2 33. Rxb5 Rxg2+
34. Qxg2 Rxh4+ 35. Kg3 Rf4 36. Qb2 Qd8 37. Rb8 Qxg5+ 38. Kf2 Qh4+ 39. Kg2 Qg5+
40. Kf2 Rh4 41. Qa3 Rh2+ 42. Kf1 Qg2+ 43. Ke1 Qe2# 0-1

[Event "Summer Cup"]
[Site "Wellington Chess Club"]
[Date "2019.02.28"]
[Round "4.14"]
[White "Lyall, Gordon"]
[Black "Rabina, Romeo"]
[Result "1-0"]
[WhiteElo "1923"]
[BlackElo "1662"]

1. e4 b6 2. d4 e6 3. Nf3 Bb7 4. Bd3 Nc6 5. c3 d6 6. O-O Nf6 7. Re1 Be7 8. Nbd2
O-O 9. Nf1 Qd7 10. Ng3 h6 11. h3 Rfd8 12. Nh2 Bf8 13. Ng4 Ne8 14. Nh5 Qe7 15.
Qf3 Kh8 16. Bd2 Bc8 17. e5 Bd7 18. Qe4 g6 19. Nhf6 Bg7 20. Nxd7 Qxd7 21. Bxh6
dxe5 22. Bxg7+ Kxg7 23. Bb5 Nd6 24. Bxc6 Nxe4 25. Bxd7 Rxd7 26. Rxe4 exd4 27.
Rxd4 1-0

[Event "Summer Cup"]
[Site "Wellington Chess Club"]
[Date "2019.02.28"]
[Round "4.15"]
[White "Hall, Nathan"]
[Black "Heyworth, Nicholas"]
[Result "0-1"]
[WhiteElo "1889"]
[BlackElo "1532"]

1. e4 e5 2. Nf3 Nc6 3. Bc4 Bc5 4. c3 Nf6 5. d4 exd4 6. e5 d5 7. Bb5 Ne4 8. cxd4
Bb4+ 9. Nbd2 O-O 10. h3 Bf5 11. O-O Nxd2 12. Bxd2 Bxd2 13. Qxd2 Ne7 14. Nh4 Bd7
15. Bxd7 Qxd7 16. f4 Ng6 17. Nf3 Qf5 18. Ng5 h5 19. g3 f6 20. Nf3 Qxh3 21. Kf2
h4 22. Rg1 fxe5 23. dxe5 c6 24. Raf1 Qf5 25. Qe2 hxg3+ 26. Rxg3 Nxf4 27. Qe3
Qc2+ 28. Nd2 Nh5+ 29. Ke1 Nxg3 0-1

[Event "Summer Cup"]
[Site "Wellington Chess Club"]
[Date "2019.02.28"]
[Round "4.16"]
[White "Quayle, Jamie"]
[Black "Stoeveken, Peter"]
[Result "0-1"]
[WhiteElo "1300"]
[BlackElo "1853"]

1. d4 Nf6 2. Bf4 d5 3. e3 Nc6 4. Nf3 Bg4 5. Nbd2 e6 6. c3 Nh5 7. Bg3 a6 8. Bd3
Nxg3 9. hxg3 e5 10. e4 exd4 11. cxd4 Nxd4 12. Qa4+ Nc6 13. Ne5 Bd7 14. Nxd7
Qxd7 15. exd5 O-O-O 16. Bxa6 Qxd5 17. Bxb7+ Kxb7 18. O-O-O Ra8 19. Qf4 Rxa2 20.
Kb1 Bd6 21. Qe3 Rha8 22. Nb3 Qf5+ 23. Rd3 Ne5 24. Rd1 Nxd3 25. Rxd3 Be5 26. g4
Qf4 27. Nc5+ Kc8 28. Rd8+ Kxd8 29. Qd3+ Qd4 0-1

[Event "Summer Cup"]
[Site "Wellington Chess Club"]
[Date "2019.02.28"]
[Round "4.17"]
[White "Mullan, Brett"]
[Black "Kibblewhite, Daniel"]
[Result "1-0"]
[WhiteElo "1934"]
[BlackElo "1496"]

1. e4 e6 2. d4 d5 3. Nd2 c5 4. c3 Nc6 5. Ngf3 Nf6 6. e5 Nd7 7. Bd3 Be7 8. O-O
c4 9. Bb1 f6 10. exf6 Nxf6 11. Re1 Qd6 12. Ne5 Bd7 13. Ndf3 O-O-O 14. Nf7 Qc7
15. Nxd8 Rxd8 16. Ne5 Bd6 17. f4 Qb6 18. Qe2 Re8 19. Kh1 Bc7 20. Bc2 h5 21. Bg6
Rh8 22. Nxd7 1-0

[Event "Summer Cup"]
[Site "Wellington Chess Club"]
[Date "2019.02.28"]
[Round "4.19"]
[White "Ackroyd, William"]
[Black "Stracy, Don"]
[Result "1/2-1/2"]
[WhiteElo "1100"]
[BlackElo "1632"]

1. Nf3 Nf6 2. g3 g6 3. Bg2 Bg7 4. O-O O-O 5. d4 d5 6. Nbd2 Nc6 7. e3 Re8 8. c4
e6 9. b3 b6 10. Bb2 Bb7 11. Qc2 Rc8 12. Rac1 Nb4 13. Qb1 c5 14. a3 Na6 15. Qd3
Nd7 16. Rc2 Qe7 17. Ra1 Nc7 18. Qe2 e5 19. dxe5 Nxe5 20. Nxe5 Bxe5 21. Bxe5
Qxe5 22. Rac1 Ba6 23. Nf3 Qf6 24. Qd2 Rcd8 25. Qc3 d4 26. exd4 cxd4 27. Qd3 Bb7
28. Ne1 Bxg2 29. Kxg2 Ne6 30. b4 Ng5 31. Nf3 Qc6 32. h4 Nxf3 33. Qxf3 Qxf3+ 34.
Kxf3 d3 35. Rd2 Re7 36. Rc3 Red7 37. c5 1/2-1/2

[Event "Summer Cup"]
[Site "Wellington Chess Club"]
[Date "2019.02.28"]
[Round "4.20"]
[White "Ashe, Michael"]
[Black "Theodosiou, Andreas"]
[Result "1-0"]
[WhiteElo "1592"]
[BlackElo "1356"]

1. d4 Nf6 2. c4 c6 3. Nc3 d5 4. e3 e6 5. Nf3 Bb4 6. Bd2 O-O 7. Bd3 c5 8. cxd5
Bxc3 9. Bxc3 Qxd5 10. O-O c4 11. Bc2 b5 12. a4 a6 13. b3 Bb7 14. axb5 axb5 15.
bxc4 bxc4 16. Qe2 Nbd7 17. Rfb1 Bc6 18. Ne1 Rab8 19. f3 Rxb1 20. Rxb1 Nh5 21.
Be4 Qd6 22. Bb4 Ng3 23. hxg3 Qxg3 24. Bxc6 Qg6 25. Qc2 Qxc2 26. Nxc2 1-0

[Event "Summer Cup"]
[Site "Wellington Chess Club"]
[Date "2019.02.28"]
[Round "4.21"]
[White "Darr, Samuel"]
[Black "Enegbuma, Wallace"]
[Result "0-1"]
[WhiteElo "1549"]
[BlackElo "1000"]

1. e4 c5 2. c3 Nc6 3. d4 cxd4 4. cxd4 d5 5. e5 Bf5 6. Nc3 e6 7. a3 a6 8. Bd3
Bg6 9. Bxg6 hxg6 10. Nf3 Be7 11. Be3 Nh6 12. Qd2 Nf5 13. O-O-O b5 14. Ne2 a5
15. Ng3 a4 16. Qd3 Qb6 17. Kd2 Na5 18. Ke2 Nc4 19. Rb1 Rc8 20. Nxf5 gxf5 21.
Nd2 Rh4 22. g3 Rh3 23. Nxc4 dxc4 24. Qc3 Qc6 25. f4 Qg2+ 26. Bf2 Rxh2 27. Rxh2
Qxh2 28. Qa5 Qg2 29. Qxb5+ Kf8 30. Re1 Qe4+ 31. Kd2 Qd3+ 32. Kc1 Qf3 33. Qa6
Ra8 34. Qxc4 Qxf2 35. Rh1 Kg8 36. Qd3 Rb8 37. Qc3 Rb3 38. Qc8+ Bf8 39. Qc2 Qxg3
40. Qh2 Qxh2 41. Rxh2 Rf3 42. Rc2 Rxf4 43. Rc4 g5 44. Rxa4 g4 45. Rc4 g3 46.
Rc3 g2 47. Rg3+ Rg4 0-1

[Event "Summer Cup"]
[Site "Wellington Chess Club"]
[Date "2019.02.28"]
[Round "4.22"]
[White "Hurndell, Robert"]
[Black "Wevers, Alexis"]
[Result "0-1"]
[WhiteElo "1518"]
[BlackElo "1779"]

1. Nf3 d5 2. d4 Nf6 3. c4 g6 4. Nc3 Bg7 5. e3 O-O 6. cxd5 Nxd5 7. Bc4 Be6 8.
Nxd5 Bxd5 9. Bxd5 Qxd5 10. O-O Rd8 11. Bd2 c5 12. Bc3 Nc6 13. Re1 cxd4 14. exd4
e6 15. Qc2 Nxd4 16. Nxd4 Bxd4 17. Rad1 Rac8 18. Rd3 Bxf2+ 19. Kxf2 Qxd3 20. Qb3
b6 21. Kg1 Rc5 22. a4 Rg5 23. Qa3 Qf3 24. g3 Rd1 0-1

[Event "Summer Cup"]
[Site "Wellington Chess Club"]
[Date "2019.02.28"]
[Round "4.23"]
[White "Dunlop, Rafe"]
[Black "Langford, Josh"]
[Result "0-1"]
[WhiteElo "1000"]
[BlackElo "1291"]

1. e4 e5 2. Nf3 Nc6 3. Bb5 Nf6 4. Nc3 Bc5 5. Nxe5 Bxf2+ 6. Kxf2 Nxe5 7. d4 Ng6
8. e5 Ng8 9. Qf3 N8e7 10. Bc4 O-O 11. Ke2 Qe8 12. Rf1 d6 13. Nd5 Nxd5 14. Bxd5
dxe5 15. Qe4 Nf4+ 16. Bxf4 exf4 17. Qxe8 Rxe8+ 18. Kd3 Bf5+ 19. Kc3 c6 20. Bc4
Be6 21. Rxf4 Bxc4 22. Kxc4 Re2 23. Kd3 Rxg2 24. h4 Re8 25. Raf1 f6 26. Rf5 Ree2
27. Rc5 Rd2+ 28. Ke3 Rxc2 29. Rxc2 Rxc2 30. Rf2 Rxf2 31. Kxf2 g5 32. h5 Kf7 33.
Kf3 f5 34. b4 Ke6 35. Ke3 Kd5 36. Kd3 f4 0-1

[Event "Summer Cup"]
[Site "Wellington Chess Club"]
[Date "2019.02.28"]
[Round "4.24"]
[White "Anderson, Nicholai"]
[Black "Asher, Bruce"]
[Result "1-0"]
[WhiteElo "1100"]
[BlackElo "1216"]

1. e4 e5 2. Nf3 Nc6 3. Bb5 Nf6 4. O-O Nxe4 5. Re1 d5 6. Nc3 f6 7. d3 Nd6 8. d4
Nxb5 9. Nxb5 Bd7 10. Qd3 Be7 11. dxe5 Nb4 12. Qb3 Bxb5 13. Nd4 c6 14. a3 Bc4
15. Qa4 b5 16. Ne6 Qd7 17. Nxg7+ Kf8 18. Qa5 Kxg7 19. axb4 Kf7 20. Bf4 Rhg8 21.
e6+ Ke8 22. exd7+ Kxd7 23. Qc7+ 1-0

[Event "Summer Cup"]
[Site "Wellington Chess Club"]
[Date "2019.02.28"]
[Round "4.25"]
[White "Cooke, Xandi"]
[Black "Paley, Yonah"]
[Result "1/2-1/2"]
[WhiteElo "1200"]
[BlackElo "1100"]

1. d4 Nf6 2. c4 g6 3. Nc3 Bg7 4. Nf3 c6 5. Bf4 d5 6. cxd5 Nxd5 7. Nxd5 Qxd5 8.
e3 O-O 9. Bd3 Bf5 10. Qc2 Bxd3 11. Qxd3 Nd7 12. Qd2 c5 13. Qa5 b6 14. Qb5 a6
15. Qd3 f5 16. Qd2 cxd4 17. exd4 Rac8 18. O-O b5 19. b3 Nf6 20. Qe3 Rfe8 21.
Rfc1 Ng4 22. Rxc8 Rxc8 23. Qxe7 Bxd4 24. Nxd4 Qxd4 25. Qe6+ Kg7 26. Qe7+ {Draw
agreed} 1/2-1/2

[Event "Summer Cup"]
[Site "Wellington Chess Club"]
[Date "2019.03.14"]
[Round "5.1"]
[White "Ker, Anthony"]
[Black "Cilia Vincenti, David"]
[Result "1/2-1/2"]
[WhiteElo "2475"]
[BlackElo "2208"]

1. e4 d5 2. exd5 Qxd5 3. Nc3 Qd8 4. Bc4 Nf6 5. Nf3 a6 6. a4 c5 7. d4 cxd4 8.
Qxd4 Qxd4 9. Nxd4 Nc6 10. Nxc6 bxc6 11. Bg5 Bf5 12. Bxf6 gxf6 13. O-O-O e6 14.
Rhe1 Bb4 15. Re3 Rg8 16. Bf1 Bc5 17. Re2 Ke7 18. h3 h5 19. g3 Rgd8 20. Bg2
Rxd1+ 21. Nxd1 Kd6 22. Ne3 Bxe3+ 23. Rxe3 Rb8 24. a5 Rb5 25. Ra3 Rc5 26. c3 Bd3
27. Kd2 Bb5 28. b3 Rf5 29. f4 h4 30. c4 hxg3 31. cxb5 cxb5 32. Ke3 e5 33. Ra1
Rxf4 34. Rf1 Rb4 35. Rxf6+ Ke7 36. Rxa6 Rxb3+ 37. Ke4 Rb2 38. Kf3 Rb3+ 39. Kg4
e4 40. Rb6 f5+ 41. Kxf5 e3 42. a6 Ra3 43. Bb7 Kd7 44. Re6 b4 {possibly moves
missed out here, the game ended in a draw} 1/2-1/2

[Event "Summer Cup"]
[Site "Wellington Chess Club"]
[Date "2019.03.14"]
[Round "5.2"]
[White "Winter, Ryan"]
[Black "Croad, Nicolas"]
[Result "1/2-1/2"]
[WhiteElo "2118"]
[BlackElo "2445"]

1. e4 c5 2. Nf3 d6 3. d4 cxd4 4. Nxd4 Nf6 5. Nc3 a6 6. h3 e6 7. g4 b5 8. Bg2
Bb7 9. a3 Be7 10. O-O Qc7 11. Qe2 Nc6 12. Nxc6 Bxc6 13. Be3 Qb7 14. Bf4 O-O 15.
Rfd1 Rfd8 16. g5 Nd7 17. Bxd6 Bxg5 18. f4 Bh6 19. Kh1 Nb6 20. b3 Rac8 21. Rd3
Rxd6 22. Rxd6 Bxf4 23. Rd3 Bb8 24. Rad1 Qc7 25. e5 Bxg2+ 26. Qxg2 g6 27. Re1
Nd7 28. Ne4 Nxe5 29. Rc3 Qd8 30. Rxc8 Qxc8 31. Rd1 Kg7 32. Qg5 Qxc2 33. Qf6+
Kh6 34. Qg5+ Kg7 35. Qf6+ Kh6 36. Qg5+ Kg7 37. Qf6+ Kh6 38. Qh4+ Kg7 1/2-1/2

[Event "Summer Cup"]
[Site "Wellington Chess Club"]
[Date "2019.03.14"]
[Round "5.3"]
[White "Nijman, Brian"]
[Black "Wastney, Scott"]
[Result "1/2-1/2"]
[WhiteElo "2175"]
[BlackElo "2396"]

1. Nf3 d5 2. g3 Nf6 3. Bg2 e6 4. O-O Be7 5. d4 O-O 6. c4 dxc4 7. Ne5 Nc6 8.
Nxc6 bxc6 9. Na3 Bxa3 10. bxa3 Nd5 11. Qa4 Nb6 12. Qa5 Bb7 13. Rd1 Qc8 14. Rb1
Rd8 15. e4 Ba6 16. a4 c5 17. Bb2 cxd4 18. Bxd4 Bb7 19. Qg5 Rxd4 20. Rxd4 c5 21.
Rd6 c3 22. Rbd1 f6 23. Qc1 Nxa4 24. Qc2 Nb2 25. Rc1 Qc7 26. e5 Bxg2 27. Kxg2
Nc4 28. Qe4 Nxd6 29. exd6 Qd8 30. Qxe6+ Kf8 31. Rxc3 Qe8 32. Qd5 Rd8 33. Rxc5
Qf7 34. Qxf7+ Kxf7 35. Rc7+ Kg6 36. d7 a5 37. Kf3 Kf5 38. Ke3 Ke6 39. Kd4 Kd6
40. Ra7 Kc6 41. Rxa5 Rxd7+ 42. Ke3 Rb7 43. h4 Kd6 44. Ra4 Ke7 45. Kf4 Kf7 46.
g4 g6 47. f3 Kg7 48. Rd4 h5 49. a4 Ra7 50. Ke3 hxg4 51. fxg4 Kh6 52. Kd3 f5 53.
gxf5 gxf5 54. Kc3 Kg6 55. Kb4 Kf6 56. Kb5 Ke5 57. Rd8 Rh7 58. a5 Rxh4 59. a6
Rh7 60. Rf8 f4 61. Kb6 Ke4 62. a7 Rxa7 63. Kxa7 f3 64. Kb6 Ke3 65. Kc5 f2 66.
Kc4 Ke2 67. Re8+ Kd2 1/2-1/2

[Event "Summer Cup"]
[Site "Wellington Chess Club"]
[Date "2019.03.14"]
[Round "5.4"]
[White "Sole, Michael"]
[Black "Dive, Russell"]
[Result "0-1"]
[WhiteElo "1897"]
[BlackElo "2433"]

1. e4 c6 2. c4 e5 3. Nf3 d6 4. d4 Nd7 5. Nc3 Ngf6 6. Be2 Be7 7. O-O Qc7 8. h3
Nf8 9. Nh2 Ng6 10. f4 exf4 11. Bxf4 Nxf4 12. Rxf4 Nd7 13. Rf1 O-O 14. Qd2 a6
15. a4 a5 16. Kh1 Qb6 17. Ra3 Bf6 18. Nf3 Re8 19. Bd1 Nf8 20. b3 Ne6 21. Ne2 d5
22. e5 Be7 23. c5 Qb4 24. Qxb4 axb4 25. Ra2 f6 26. Bc2 fxe5 27. Nxe5 Bf6 28.
Nf3 Bd7 29. Bd3 Re7 30. Rd2 Rae8 31. Ra2 Nc7 32. Rd2 Re3 33. Rf2 Ne6 34. Kg1
Ng5 35. Nxg5 Bxg5 36. Nf4 Re1+ 37. Kh2 Rc1 38. Rc2 Rd1 39. Be2 Rxd4 40. g3 Re3
41. Rb2 Bxf4 42. Rxf4 Rxf4 43. gxf4 Bxh3 44. Bd1 Kf7 45. Re2 Rc3 46. Bc2 g6 47.
Rd2 Kf6 48. Bd1 Bf5 49. Rd4 Rd3 50. Rxb4 Rxd1 51. Rxb7 d4 52. Rb4 Rd2+ 53. Kg3
Ke6 54. a5 d3 55. Rd4 Ra2 56. b4 d2 57. Rd6+ Ke7 58. Kh4 h6 59. Kg3 Ra3+ 60.
Kf2 Rd3 61. a6 d1=Q 62. Rxd3 Bxd3 63. a7 Qe2+ 64. Kg3 Qe3+ 0-1

[Event "Summer Cup"]
[Site "Wellington Chess Club"]
[Date "2019.03.14"]
[Round "5.5"]
[White "Nyberg, Michael"]
[Black "He, Paul"]
[Result "1-0"]
[WhiteElo "2099"]
[BlackElo "1687"]

1. d4 Nf6 2. Nc3 g6 3. e4 d6 4. Bf4 Bg7 5. Qd2 Nbd7 6. Nf3 Rb8 7. Bc4 Nb6 8.
Bd3 O-O 9. h4 Bg4 10. Bh6 Bxf3 11. gxf3 Nh5 12. Bxg7 Kxg7 13. f4 e6 14. Be2 Nf6
15. h5 Nxh5 16. Bxh5 gxh5 17. Rxh5 Rh8 18. f5 Qf6 19. O-O-O Kf8 20. fxe6 fxe6
21. e5 Qf7 22. Qh6+ Ke7 23. exd6+ cxd6 24. Qg5+ Qf6 25. Qe3 Nc4 26. Qe2 Qf7 27.
Qxc4 Qxh5 28. Qc7+ Kf6 29. Ne4+ Kg6 30. Rg1+ Kh6 31. Qg7# 1-0